Investigating selected egocentric users on social media platforms using social network analysis in mining forensic evidence for law enforcement in Kenya (Record no. 17427)

MARC details
000 -LEADER
fixed length control field 00806nam a22002057a 4500
008 - FIXED-LENGTH DATA ELEMENTS--GENERAL INFORMATION
fixed length control field 190212b xxu||||| |||| 00| 0 eng d
040 ## - CATALOGING SOURCE
Original cataloging agency KABU
Transcribing agency KABU
050 ## - LIBRARY OF CONGRESS CALL NUMBER
Classification number K212
Item number .R66 2017 c. 1
100 ## - MAIN ENTRY--PERSONAL NAME
Personal name Ronoh, Lamek Kiprutto
245 ## - TITLE STATEMENT
Title Investigating selected egocentric users on social media platforms using social network analysis in mining forensic evidence for law enforcement in Kenya
Statement of responsibility, etc. Lamek Kiprutto Ronoh
250 ## - EDITION STATEMENT
Edition statement 1st ed.
260 ## - PUBLICATION, DISTRIBUTION, ETC. (IMPRINT)
Place of publication, distribution, etc. Kabarak, Nakuru, Kenya
Name of publisher, distributor, etc. Kabarak University
Date of publication, distribution, etc. 2017
300 ## - PHYSICAL DESCRIPTION
Extent xv, 195 p.
Accompanying material CD-ROM
650 ## - SUBJECT ADDED ENTRY--TOPICAL TERM
Topical term or geographic name as entry element Law
Form subdivision Methodology
General subdivision Data processing
650 ## - SUBJECT ADDED ENTRY--TOPICAL TERM
Topical term or geographic name as entry element Information storage and retrieval systems
General subdivision Law
650 ## - SUBJECT ADDED ENTRY--TOPICAL TERM
Topical term or geographic name as entry element Electronic evidence
700 ## - ADDED ENTRY--PERSONAL NAME
Personal name Rabah, Kefa
Titles and other words associated with a name Professor
700 ## - ADDED ENTRY--PERSONAL NAME
Personal name Karie, Nickson Menza
Titles and other words associated with a name Doctor
942 ## - ADDED ENTRY ELEMENTS (KOHA)
Source of classification or shelving scheme Library of Congress Classification
Koha item type Thesis, Dissertation and Projecs
Edition 1st
Classification part K212
Call number prefix The
Holdings
Withdrawn status Lost status Source of classification or shelving scheme Not for loan Home library Current library Date acquired Total Checkouts Full call number Barcode Date last seen Copy number Price effective from Koha item type
    Library of Congress Classification   Kabarak, Main Campus Kabarak, Main Campus 12/02/2019   K212 .R66 2017 c. 1 022877 12/02/2019 c. 1 12/02/2019 Thesis, Dissertation and Projecs
Designed with assistance from East African Informatics Ltd